MARC

LEADER 00000nam0a2200000 4500
001 376700
005 20231101052048.0
010 |a 5020059692 
035 |a (RuTPU)RU\TPU\retro\34140 
035 |a RU\TPU\book\208168 
090 |a 376700 
100 |a 20221226d1988 km y0rusy50 ca 
101 0 |a rus 
102 |a RU 
105 |a y z 001zb 
200 1 |a Борис Семенович Якоби (1801-1874)  |f А. В. Яроцкий  |g Академия наук СССР (АН СССР) ; отв. ред. В. М. Родионов 
210 |a Москва  |c Наука  |d 1988 
215 |a 240 с. 
225 1 |a Научно-биографическая литература 
320 |a Библиогр.: с. 207-225. 
320 |a Именной указатель: с. 226-237. 
320 |a Основные даты жизни и деятельности: с. 205-206. 
600 1 |a Якоби  |g Борис Семенович  |b Б. С.  |c российский физик  |c электротехник  |c настоящее имя Мориц Герман  |c академик Петербургской АН  |f 1801-1874  |2 stltpush  |3 (RuTPU)RU\TPU\pers\1353 
610 1 |a электротехника 
610 1 |a история 
610 1 |a 19 век 
610 1 |a Россия 
610 1 |a гальванопластика 
610 1 |a электромагниты 
610 1 |a телеграф 
610 1 |a опыты 
610 1 |a теория 
610 1 |a практика 
675 |a 621.3(092)  |v 3 
700 1 |a Яроцкий  |b А. В.  |g Анатолий Васильевич 
702 1 |a Родионов  |b В. М.  |4 340 
712 0 2 |a Академия наук СССР (АН СССР)  |2 stltpush  |3 (RuTPU)RU\TPU\col\722 
801 1 |a RU  |b 63413507  |c 20110131 
801 2 |a RU  |b 63413507  |c 20221226  |g RCR 
942 |c BK